Producción económica, necesidades humanas y ecología /

Guardado en:
Bibliografiske detaljer
Hovedforfatter: Mora, Maynor Antonio
Format: Texto
Fag:
Tags: Tilføj Tag
Ingen Tags, Vær først til at tagge denne postø!

MARC

LEADER 00000 a a2200000 04500
001 550
003
040
100 |a Mora, Maynor Antonio  
245 |a Producción económica, necesidades humanas y ecología /  |c Maynor Antonio Mora 
650 |a PRODUCCION  
650 |a ECONOMIA  
650 |a ECOLOGIA  
650 |a TEORIA  
650 |a MEDIO AMBIENTE  
650 |a VALOR AGREGADO  
773 |g número 48; páginas 9-13  
999 |c 30109  |d 30109